Nuevos materiales cristalinos /
Sólidos cristalinos, y las propiedades eléctricas y el color de materiales como el cuarzo, los cristales líquidos, etcétera. Lugares donde los encontramos en elementos cotidianos y cómo evolucionarán en el futuro.
Guardado en:
| Autor Principal: | |
|---|---|
| Autores Corporativos: | , |
| Otros Autores: | , |
| Formato: | |
| Publicado: |
Argentina,
2008
|
| Series: | Explora. Ciencias Naturales
|
| Materias: | |
| Etiquetas: |
Agregar Etiqueta
Sin Etiquetas, Sea el primero en etiquetar este registro!
|
| LEADER | 01356ngm a22003735g 4500 | ||
|---|---|---|---|
| 001 | CEM.cems023178 | ||
| 008 | 130507s2008##################0###0#####d | ||
| 005 | 20241218183658.0 | ||
| 245 | 1 | 0 | |a Nuevos materiales cristalinos / |c Víctor Ramos. |
| 260 | |a Argentina, |c 2008 | ||
| 300 | |a 28'. | ||
| 490 | 0 | |a Explora. Ciencias Naturales | |
| 500 | |a Consultar en ventanilla. | ||
| 520 | |a Sólidos cristalinos, y las propiedades eléctricas y el color de materiales como el cuarzo, los cristales líquidos, etcétera. Lugares donde los encontramos en elementos cotidianos y cómo evolucionarán en el futuro. | ||
| 538 | |a Soporte: DVD - Color: Si - Grabación DRD | ||
| 590 | |a Identificación anterior registrada en SIABUC: DVD Nº47 | ||
| 100 | 1 | |a Ramos, Víctor. | |
| 700 | 1 | |a Paenza, Adrián; Conducción. | |
| 700 | 1 | |a Folguera, Andrés; Co-autor. | |
| 710 | 2 | |a Canal Encuentro. | |
| 710 | 2 | |a Ministerio de Educación de la Nación. | |
| 082 | 5 | 7 | |/ RAM |
| 653 | |a QUÍMICA | ||
| 653 | |a CIENCIAS NATURALES | ||
| 653 | |a MATERIALES | ||
| 653 | |a CRISTALES | ||
| 653 | |a ELECTRICIDAD | ||
| 653 | |a SÓLIDOS | ||
| 653 | |a MATERIA | ||
| 653 | |a ELEMENTOS QUÍMICOS | ||
| 653 | |a NIVEL PRIMARIO | ||
| 653 | |a NIVEL SECUNDARIO | ||
| 653 | |a SERIE DE TELEVISIÓN | ||
| 859 | |a CEMS |b BIB. CEMS - Depto. Recursos Didacticos |h 570 |i RAM |k DRD |p 1821.13 |t Ej.1 | ||
